Normal view
MARC view
- FIDIC
Entry Personal Name
001 - CONTROL NUMBER
- control field: 22986
003 - CONTROL NUMBER IDENTIFIER
- control field: NUST
005 - DATE AND TIME OF LATEST TRANSACTION
- control field: 20191007192550.0
008 - FIXED-LENGTH DATA ELEMENTS
- fixed length control field: 191007|| aca||aabn | a|a d
040 ## - CATALOGING SOURCE
- Original cataloging agency: NUST
- Transcribing agency: NUST
100 ## - HEADING--PERSONAL NAME
- Personal name: FIDIC
670 ## - SOURCE DATA FOUND
- Source citation: Work cat.: (NUST)0: FIDIC, FIDIC yellow book : Conditions of contract for plant and design building
